OECD - FAO agricultural outlook 2015-2024
Saved in:
| Format: | Book |
|---|---|
| Language: | English |
| Published: |
Paris
OECD
2015
|
| Subjects: | |
| Tags: |
No Tags, Be the first to tag this record!
|
MARC
| LEADER | 00000nam a2200000 4500 | ||
|---|---|---|---|
| 001 | 0211874 | ||
| 005 | 20230109073123.0 | ||
| 020 | |a 978-92-64-23190-0 | ||
| 020 | |a 978-92-5-108808-1 | ||
| 022 | |a 1563-0447 | ||
| 041 | 0 | |a eng | |
| 044 | |a FR | ||
| 245 | 1 | 0 | |a OECD - FAO agricultural outlook 2015-2024 |
| 264 | 1 | |a Paris |b OECD |c 2015 | |
| 300 | |a 143 s. | ||
| 610 | 2 | 0 | |a poľnohospodárstvo |
| 610 | 2 | 0 | |a produkcia |
| 610 | 2 | 0 | |a spotreba |
| 610 | 2 | 0 | |a obchod |
| 610 | 2 | 0 | |a ceny |
| 610 | 2 | 0 | |a trh |
| 610 | 2 | 0 | |a politika |
| 610 | 2 | 0 | |a vláda |
| 610 | 2 | 0 | |a komodity |
| 610 | 2 | 0 | |a bioplyn |
| 610 | 2 | 0 | |a potraviny |
| 610 | 2 | 0 | |a bavlna |
| 610 | 2 | 0 | |a Brazília |